| 000 | 00489nam a2200133 a 4500 | ||
|---|---|---|---|
| 008 | 120416s1969 ||||||||||||||||| || u | ||
| 050 | _aTP 151 Hen | ||
| 100 | _aHenley, Ernest | ||
| 245 | 1 | 0 | _aMaterials and energy balance computations |
| 260 |
_aNew York _bJohn Wiley and Sons _c1969 |
||
| 300 | _axxx, 577p. : ill. | ||
| 350 | _a0.00 | ||
| 995 |
_D0.00 _FCBU-MAIN LIBRARY (Kitwe) _H1 _I8.15 _UAVAILABLE _ZMain Library Open Access Collection |
||
| 999 |
_c50597 _d50597 |
||